Focus on gas

Bibliographic Details
Main Author: Pechey, Roger
Format: Book
Published: England : Wayland(Publishers) , 1986
Series:Focus on Resources Series
Subjects:

MARC

LEADER 00000cam a2200000 7i4500
001 0000004475
002 000004819
005 20081124.0
020 |a 0850786576 
090 0 0 |a 333.7   |b FOC 
100 1 |a Pechey, Roger 
245 1 0 |a Focus on gas   |c Roger Pechey 
260 |a England :   |b Wayland(Publishers) ,   |c 1986 
300 |a 48 p. :   |b ill. ;   |c 21 cm. 
490 0 |a Focus on Resources Series 
650 0 0 |a Gas natural   |x Juvenile literature 
999 |a 032799   |b BUKU   |c JUNIOR BOOKS   |e PERPUSTAKAAN KOMUNITI CAW KOTA DAMANSARA